| 000 | 00886cam a2200277 a 4500 | ||
|---|---|---|---|
| 001 | 12200943 | ||
| 005 | 20180119040326.0 | ||
| 008 | 001012s2000 inua b 001 0 eng d | ||
| 010 | _a 00709597 | ||
| 020 | _a0028633709 | ||
| 035 | _a(OCoLC)ocm44442663 | ||
| 040 |
_aORX _cORX _dZQP _dDPL _dDLC |
||
| 041 | _aeng | ||
| 042 | _alccopycat | ||
| 080 | _a658.3045 BAC | ||
| 082 | 0 | 0 |
_a658.3045 BAC _221 |
| 100 | 1 | _a52 | |
| 101 | _aPUN | ||
| 245 | 1 | 4 |
_aThe complete idiot's guide to dealing with difficult employees / _cRobert Bacal. |
| 246 | 3 | 0 | _aComplete idiot's guide |
| 246 | 3 | 0 | _aDealing with difficult employees |
| 504 | _aIncludes bibliographical references and index. | ||
| 906 |
_a7 _bcbc _ccopycat _d2 _encip _f20 _gy-gencatlg |
||
| 942 |
_2ddc _cBK |
||
| 999 |
_c40531 _d40531 |
||